1143 1525 1346 1848 1561 1590 1125 1365 1838 1290 1262 1997 1687 1535 1152 1229 1758 1199 1872 1646 1207 1614 1799 1368 1439 1486 1597 1172 1884 1712 1075 1331 1695 1938 1578 1000 1819 1117 1592 1255 1145 1733 1224 1026 1613 1142 1680 1522 1004 1943 1043 1367 1557 1481 1971 1181 1477 1858 1820 1809 1624 1121 1425 1679 1103 1010 1565 1009 1862 1271 1225 1948 1367 1403 1691 1620 1163 1618 1384 1016 1919 1634 1404 1606 1132 1097 1330 1060 1851 1885 1675 1855 1246 1426 1770 1117 1469 1172 1394 BCNSPRNW ULIB Ver.6.0+V

เปลี่ยนเป็นภาษาไทย

Change to English
 แสดงรายละเอียดบรรณานุกรม
  กลับหน้าหลัก

Brief Record : Get Marc (ISO 2709) : E-mail record : QR code < ปิดหน้าต่าง
LEADER : 00000nam 2200000uu 4500
001    13399124306
003     ULIB
008    150302s2557||||th 000 0 tha d
020    ^a9786162234583
060    ^aWY49^bศ463ค
100    ^aศิริพร มงคลถาวรชัย
245    ^aคู่มือการพัฒนาระบบการพยาบาลเฉพาะทางและการปฏิบัติการพยาบาลขั้นสูง/^cศิริพร มงคลถาวรชัย
250    ^aพิมพ์ครั้งที่ 2
260    ^aขอนแก่น :^bคณะแพทยศาสตร์ มหาวิทยาลัยขอนแก่น,^c2557
300    ^a270 หน้า;^b21 ซม.
650    ^aพัฒนาระบบ^xการพยาบาลเฉพาะทาง
650    ^aการพยาบาลเฉพาะทาง^xคู่มือ
710    ^aมหาวิทยาลัยขอนแก่น.^bคณะแพทยศาสตร์.
945    ^p230^l0^i22926
945    ^p230^l0^i22927
945    ^p230^l0^i22928
945    ^p230^l0^i23226
945    ^p230^l0^i23227
945    ^p230^l0^i23228
945    ^p230^l0^i23229
945    ^p230^l0^i23230
999    ^aทศพร เกษรทอง
รายการนี้ยังไม่มีแท็ก
คุณยังไม่ได้ล็อกอิน คุณสามารถมีกิจกรรมร่วมกับเว็บไซต์ได้ แต่ต้องล็อกอินก่อน ::
  ล็อกอิน

รายการสื่อสารสนเทศ

ลำดับที่ ประเภท เลขเรียก/บาร์โค้ด สถานที่ สถานะ
1. Book การพยาบาล
Book การพยาบาล
สถานะ=หนังสือเก่า
WY49 ศ463ค ฉ.1 
  Barcode: 22926
ห้องสมุดวิทยาเขตนครสวรรค์
►ส่วนจัดเก็บหนังสือเก่า นว.
บนชั้น
  ขอยืม
2. Book การพยาบาล
Book การพยาบาล
สถานะ=หนังสือเก่า
WY49 ศ463ค ฉ.2 
  Barcode: 22927
ห้องสมุดวิทยาเขตนครสวรรค์
►ส่วนจัดเก็บหนังสือเก่า นว.
บนชั้น
  ขอยืม
3. Book การพยาบาล
Book การพยาบาล
สถานะ=หนังสือเก่า
WY49 ศ463ค ฉ.3 
  Barcode: 22928
ห้องสมุดวิทยาเขตนครสวรรค์
►ส่วนจัดเก็บหนังสือเก่า นว.
บนชั้น
  ขอยืม
4. Book การพยาบาล
Book การพยาบาล
สถานะ=หนังสือเก่า
WY49 ศ463ค ฉ.4 
  Barcode: 23226
ห้องสมุดวิทยาเขตนครสวรรค์
►ส่วนจัดเก็บหนังสือเก่า นว.
บนชั้น
  ขอยืม
5. Book การพยาบาล
Book การพยาบาล
สถานะ=หนังสือเก่า
WY49 ศ463ค ฉ.5 
  Barcode: 23227
ห้องสมุดวิทยาเขตนครสวรรค์
►ส่วนจัดเก็บหนังสือเก่า นว.
บนชั้น
  ขอยืม
6. Book การพยาบาล
Book การพยาบาล
สถานะ=หนังสือเก่า
WY49 ศ463ค ฉ.6 
  Barcode: 23228
ห้องสมุดวิทยาเขตนครสวรรค์
►ส่วนจัดเก็บหนังสือเก่า นว.
บนชั้น
  ขอยืม
7. Book การพยาบาล
Book การพยาบาล
สถานะ=หนังสือเก่า
WY49 ศ463ค ฉ.7 
  Barcode: 23229
ห้องสมุดวิทยาเขตนครสวรรค์
►ส่วนจัดเก็บหนังสือเก่า นว.
บนชั้น
  ขอยืม
8. Book การพยาบาล
Book การพยาบาล
สถานะ=หนังสือเก่า
WY49 ศ463ค ฉ.8 
  Barcode: 23230
ห้องสมุดวิทยาเขตนครสวรรค์
►ส่วนจัดเก็บหนังสือเก่า นว.
บนชั้น
  ขอยืม

รายการใกล้เคียง
    ผู้แต่ง [ศิริพร มงคลถาวรชัย]

BibComment


ยังไม่เคยถูกคอมเมนท์

คอมเมนท์ทรัพยากรรายการนี้
  คอมเมนท์: คู่มือการพัฒนาระ..


 Copyright 2026. Bcnsprnw @Library